Every Song by Stealers Wheel - Statistics

General Stats
  • This quiz has been taken 2 times
  • The average score is 4 of 32
Answer Stats
Album Song % Correct
Stealers Wheel(1972) Stuck in the Middle with You
100%
Right or Wrong(1975) Don't Get Me Wrong
50%
Right or Wrong(1975) Go As You Please
50%
Right or Wrong(1975) Home From Home
50%
Right or Wrong(1975) Right or Wrong
50%
Ferguslie Park(1973) Waltz (You Know It Makes Sense)
50%
Stealers Wheel(1972) Another Meaning
0%
Ferguslie Park(1973) Back On My Feet Again
0%
Right or Wrong(1975) Benediction
0%
Ferguslie Park(1973) Blind Faith
0%
Ferguslie Park(1973) Everyone's Agreed That Everything Will Turn Out Fine
0%
Right or Wrong(1975) Found My Way to You
0%
Stealers Wheel(1972) Gets So Lonely
0%
Ferguslie Park(1973) Good Businessman
0%
Stealers Wheel(1972) I Get By
0%
Stealers Wheel(1972) Johnny's Song
0%
Stealers Wheel(1972) José
0%
Stealers Wheel(1972) Late Again
0%
Right or Wrong(1975) Let Yourself Go
0%
Right or Wrong(1975) Monday Morning
0%
Stealers Wheel(1972) Next to Me
0%
Ferguslie Park(1973) Nothing's Gonna Change My Mind
0%
Stealers Wheel(1972) Outside Looking In
0%
Ferguslie Park(1973) Over My Head
0%
Ferguslie Park(1973) Star
0%
Ferguslie Park(1973) Steamboat Row
0%
Right or Wrong(1975) This Morning
0%
Ferguslie Park(1973) What More Could You Want
0%
Ferguslie Park(1973) Wheelin'
0%
Ferguslie Park(1973) Who Cares
0%
Right or Wrong(1975) Wishbone
0%
Stealers Wheel(1972) You Put Something Better Inside Me
0%
No matching quizzes found
Score Distribution
Percent of People with Each Score
Percentile by Number Answered
Your Score History
You have not taken this quiz